00489cam a2200169 a 4500020001800000020001500018040000800033082002600041245003500067246001900102246004500121260003200166300002300198500001700221650002000238710006100258 a9789251066157 a9251066159 cAGL a372 FAO 2010 A018 Or.02aA new deal for school gardens.30aSchool gardens1 aPromoting lifelong healthy eating habits aRome, Italy :bFAO,cc2010. a24 p. :bcol. ill. aCover title. 0aSchool gardens.2 aFood and Agriculture Organization of the United Nations.